| 000 | 01429nam a22002177a 4500 | ||
|---|---|---|---|
| 999 |
_c60050 _d60050 |
||
| 003 | Ge_BSU | ||
| 005 | 20230602114800.0 | ||
| 008 | 230601s2023 ge ||||| |||| 00| 0 geo d | ||
| 041 | _ageo | ||
| 080 | _a33 ს-32 | ||
| 100 |
_aსულაბერიძე, სალომე _918396 |
||
| 245 |
_aაგროტურიზმის განვითარების პერსპექტივები გურიის რეგიონში : _bდისერტაცია / _cსალომე სულაბერიძე; სამეცნიერო ხელმძღვანელი მურმან ცეცხლაძე; ბსუ; ეკონომიკისა და ბიზნესის ფაკულტეტი. ბიზნესის ადმინისტრირების, მენეჯმენტისა და მარკეტინგის დარგობრივი დეპარტამენტი. |
||
| 264 |
_aბათუმი, _c2023. |
||
| 300 |
_a293 გვ.; _b30 სმ. |
||
| 501 | _aდანართი გვ. 202-293 | ||
| 504 | _aბიბლიოგრ. გვ. 178-201 | ||
| 653 | _aაგროტურიზმი | ||
| 653 | _aდისერტაცია | ||
| 700 |
_aცეცხლაძე, მურმან _eსამეცნიერო ხელმღვანელი _910750 |
||
| 942 |
_2udc _cDS |
||